|
|
|
|
| LEADER |
00000cam a2200000 i 4500 |
| 001 |
1/99840 |
| 008 |
950405r19661896gr | ||| |||| ||gre|| |
| 035 |
|
|
|l 10011464
|
| 040 |
|
|
|a GR-MyUa
|b gre
|e AACR2
|
| 041 |
1 |
|
|a gre
|a fre
|a eng
|
| 082 |
7 |
|
|a 796.48
|2 (22)
|
| 245 |
0 |
3 |
|a Οι Ολυμπιακοί αγώνες 776 π.Χ.-1896 =
|b Les Jeux Olympiques 776 av. J.C.-1896 = The Olympic games 776 B.C.-1896 A.D.
|
| 246 |
1 |
|
|i Παράλληλος τίτλος:
|a Les Jeux Olympiques 776 av. J.C.-1896
|
| 246 |
1 |
|
|i Παράλληλος τίτλος:
|a The Olympic games 776 B.C.-1896 A.D.
|
| 260 |
|
|
|a Αθήνα :
|b [χ.ό.],
|c 1966.
|
| 300 |
|
|
|a 155 σ. :
|b εικ.
|
| 500 |
|
|
|a Ανατύπωση από: Αθήνα : Κάρολος Μπεκ ; Paris : H. Le Soudier, 1896.
|
| 505 |
8 |
|
|a Μέρος Β': Οι ολυμπιακοί αγώνες 1896 / υπό Βαρώνου Δε Κουμπερτέν, Τιμολέοντος Φιλήμονος, Ν. Γ. Πολίτου και Χαραλάμπου Aννινου.
|
| 611 |
2 |
0 |
|a Olympic Games
|n (1st :
|d 1986 :
|c Athens, Greece)
|
| 650 |
|
0 |
|a Olympics
|x History.
|
| 650 |
|
0 |
|a Olympics
|x Revival, 1896-
|
| 740 |
0 |
2 |
|a Οι ολυμπιακοί αγώνες 1896
|
| 852 |
|
|
|a INST
|b LESVOS
|e 19950405
|h 796.48 ΟΛΥ
|p 005100001811
|q 005100001811
|t BK
|y 0
|
| 901 |
|
|
|a BIBL1-2000-2
|
| 970 |
|
|
|z 2000/08/ELIDOC
|